000 00802nam a22002057a 4500
005 20180803165501.0
008 130828b2012 ck ||||| |||| 00| 0 spa d
041 _aspa
044 _ack
082 _a634.956
_bC718m
110 1 _aColombia
_bDepartamento Nacional de Planeación
_96745
245 1 4 _aManejo y aprovechamiento sostenible de bosques naturales
_buna guía para la capacitación en escenarios locales
260 _aBogotá
_bDepartamento Nacional de Planeación
_bJICA
_c2012
300 _a151 p.
_bil., tablas, mapas
_c24 cm.
_eCD-ROM anexos
500 _aProyecto manejo y aprovechamiento sostenible de bosques naturales - MASBN
650 _aBosques
_zColombia
_9439
650 6 _aExplotación forestal
_zColombia
_91885
650 6 _aForestación
_zColombia
_91886
942 _2ddc
_cImpreso
_01
999 _c7628
_d7628